|
|
|
|
| LEADER |
00857nam a2200313 4500 |
| 001 |
DLU110125637 |
| 005 |
##20110923 |
| 040 |
# |
# |
|a DLU
|b vie
|
| 041 |
# |
# |
|a vie
|
| 044 |
# |
# |
|a vn
|
| 082 |
# |
# |
|a 333.7
|b Gia
|
| 245 |
# |
# |
|a Giáo trình kinh tế và quản lý môi trường /
|c Nguyễn Thế Chinh chủ biên.
|
| 246 |
# |
# |
|a Giáo trình kinh tế & quản lý môi trường
|
| 260 |
# |
# |
|a H. :
|b Thống kê,
|c 2003.
|
| 300 |
# |
# |
|a 464 tr. ;
|c 21 cm.
|
| 504 |
# |
# |
|a Tài liệu tham khảo :tr.456.
|
| 650 |
# |
# |
|a Kinh tế học môi trường
|v Giáo trình.
|
| 700 |
# |
# |
|a Nguyễn Thế Chinh,
|e chủ biên.
|
| 923 |
# |
# |
|a 01/2011MT
|
| 991 |
# |
# |
|a GT
|
| 992 |
# |
# |
|a 44000
|
| 994 |
# |
# |
|a KMT
|
| 900 |
# |
# |
|a True
|
| 911 |
# |
# |
|a Đào Thị Thu Huyền
|
| 925 |
# |
# |
|a G
|
| 926 |
# |
# |
|a A
|
| 927 |
# |
# |
|a SH
|
| 980 |
# |
# |
|a Thư viện Trường Đại học Đà Lạt
|